[Event "Chioggia op-B 09th"]
[Site "Chioggia"]
[Date "2014.10.10"]
[Round "2"]
[White "Rizzo, Nicodemo"]
[Black "Guarnieri, Matteo"]
[Result "0-1"]
[WhiteElo "1581"]
[BlackElo "1880"]
[PlyCount "58"]
[EventDate "2014.10.10"]
[EventType "swiss"]
[EventRounds "5"]
[EventCountry "ITA"]
[SourceTitle "EXT 2022"]
[Source "ChessBase"]
[SourceDate "2021.10.06"]
[SourceVersion "1"]
[SourceVersionDate "2021.10.06"]
[SourceQuality "1"]

1. d4 d5 2. c4 c6 3. e3 Nf6 4. Nf3 e6 5. Nc3 a6 6. Be2 Bd6 7. 0-0 0-0 8. a3 Nbd7 9. Qc2 e5 10. dxe5 Nxe5 11. cxd5 cxd5 12. Nxe5 Bxe5 13. Bf3 Be6 14. Bd2 Rc8 15. Qd1 b5 16. Rc1 Qb6 17. Qe2 Rfd8 18. Rfd1 Bf5 19. Be1 d4 20. exd4 Bxd4 21. Ne4 Bxe4 22. Bxe4 Nxe4 23. Qxe4 Rxc1 24. Rxc1 Bxb2 25. Rc6 Qb7 26. Qc2 Bxa3 27. Ba5 Qxc6 28. Qxc6 Rd1+ 29. Be1 Rxe1# 0-1

[Event "Mogliano Veneto op-B 31st"]
[Site "Mogliano Veneto"]
[Date "2010.05.01"]
[Round "2"]
[White "Guarnieri, Matteo"]
[Black "Bortolotto, Denzio"]
[Result "0-1"]
[WhiteElo "1700"]
[BlackElo "1725"]
[PlyCount "62"]
[EventDate "2010.04.30"]
[EventType "swiss"]
[EventRounds "5"]
[EventCountry "ITA"]
[SourceTitle "EXT 2023"]
[Source "ChessBase"]
[SourceDate "2022.10.05"]
[SourceVersion "1"]
[SourceVersionDate "2022.10.05"]
[SourceQuality "1"]

1. e4 c5 2. Nf3 d6 3. d4 cxd4 4. Nxd4 Nf6 5. Nc3 a6 6. Be3 e5 7. Nde2 Be7 8. Ng3 Ng4 9. Bc4 Nxe3 10. fxe3 0-0 11. Bb3 Be6 12. Nd5 Qa5+ 13. c3 Bg5 14. 0-0 Nc6 15. Qh5 Qd8 16. Kh1 Na5 17. Bc2 Nc4 18. Rfe1 g6 19. Qe2 Bxd5 20. exd5 Nxe3 21. Bb3 f5 22. Qd3 Ng4 23. Rf1 Qb6 24. Qe2 Bf4 25. Rae1 Bxg3 26. hxg3 Qd8 27. Qd2 f4 28. Bd1 Ne3 29. Rf3 Nxd1 30. Qxd1 fxg3 31. Ref1 Qh4+ 0-1

[Event "Mogliano Veneto op-B 31st"]
[Site "Mogliano Veneto"]
[Date "2010.04.30"]
[Round "1"]
[White "Boraso, Alessio"]
[Black "Guarnieri, Matteo"]
[Result "1-0"]
[WhiteElo "1859"]
[BlackElo "1700"]
[PlyCount "107"]
[EventDate "2010.04.30"]
[EventType "swiss"]
[EventRounds "5"]
[EventCountry "ITA"]
[SourceTitle "EXT 2023"]
[Source "ChessBase"]
[SourceDate "2022.10.05"]
[SourceVersion "1"]
[SourceVersionDate "2022.10.05"]
[SourceQuality "1"]

1. d4 Nf6 2. c4 e6 3. Nc3 Bb4 4. Qc2 d5 5. Bg5 0-0 6. e3 c6 7. Nf3 Nbd7 8. cxd5 exd5 9. Bd3 h6 10. Bf4 Nh5 11. Bg3 Qa5 12. Nd2 Nxg3 13. hxg3 Nf6 14. Nb3 Qc7 15. 0-0-0 Re8 16. Rh4 a5 17. Rdh1 a4 18. Nd2 a3 19. b3 Qa5 20. Ne2 Bxd2+ 21. Qxd2 Qxd2+ 22. Kxd2 Ne4+ 23. Ke1 Bf5 24. g4 Nxf2 25. Bxf5 Nxh1 26. Rh3 Re7 27. Nc3 g6 28. Bc2 b5 29. Nd1 Kg7 30. Rxh1 b4 31. Kd2 Rc8 32. Nf2 c5 33. dxc5 Rxc5 34. Nd3 Rb5 35. Rf1 d4 36. Re1 Rg5 37. exd4 Rxe1 38. Nxe1 Rxg4 39. Kd3 Kf6 40. Kc4 Ke6 41. Kc5 f5 42. d5+ Kd7 43. Bd3 h5 44. Bb5+ Kd8 45. Kd6 h4 46. Bd7 Rg3 47. Nc2 Rg4 48. Ne3 Rd4 49. Nc4 Rxd5+ 50. Kxd5 Kxd7 51. Ne5+ Ke7 52. Nxg6+ Kf6 53. Nxh4 Kg5 54. Nxf5 1-0